LEADER 01454nam a2200313 4500 001 000000360279 003 CaOOAMICUS 005 20241011154934.0 008 241011s2008 it 000 u ita r 020 $a978-88-11-36839-7 040 $aSeMil$bita 100 1 $aTolstoj, Lev Nikolàevi?,$d<1828-1910>.$0(OLS)http://semarc/name/3624 240 10$aSemejnoe s?astie.$0(OLS)http://semarc/title/450758 245 10$aFelicità familiare /$cLev Nikolaevi? Tolstoj ; introduzione di Serena Vitale ; prefazione di Fausto Malcovati ; traduzione di Laura Salmon. 250 $a3. ed. 264 1$aMilano :$bGarzanti,$c2008. 300 $aLIII, 92 p. ;$c18 cm 490 1 $aI grandi libri Garzanti ;$v839 700 1 $aSalmon Kovarski, Laura.$0(OLS)http://semarc/name/120687 700 1 $aMalcovati, Fausto.$0(OLS)http://semarc/name/59582 700 1 $aVitale, Serena,$d<1945- >.$0(OLS)http://semarc/name/37047 830 2$aI grandi libri Garzanti ;$v839.$0(OLS)http://semarc/title/9892 850 $aSeMil 852 $aSeMil$W1$xVenegono$y1$m1W I 678$j251579$B251305$CSeMilBibl$Z2$F251305 $81 961 $aBuzzi mons. Franco - Omaggio. ? Con dedica autografa a mons. Buzzi 4 marzo 2010 996 $6020$a978-88-11-36839-7$9(OLS)http://semarc/number/301509 996 $6245$aFelicità familiare$9(OLS)http://semarc/title/450759 996 $6264$aMilano :$bGarzanti$9(OLS)http://semarc/publisher/29852 LEADER 01276nam a2200313 i 4500 001 000000039156 003 CaOOAMICUS 005 20030116000000.0 008 030116s1981 it u000 u ita u 013 $a9883 020 $a88-05-03722-2 040 $aSeMil$bita 100 1 $aCorsini, Eugenio,$d<1924-2018>.$0(OLS)http://semarc/name/90098 245 10$aApocalisse prima e dopo /$cEugenio Corsini ; prefazione di Piero Rossano. 250 $a3. ed. 260 $aTorino :$bSEI,$c1981. 300 $aXI, 561 p. ;$c19 cm. 500 $aIn preliminari : Dedica autografa dell'Autore. - Fondo Card. C.M. Martini. 650 4$aBibbia. Nuovo Testamento. Apocalisse - Commentari, studi, critica, interpretazioni.$0(OLS)http://semarc/subject/1763 700 1 $aRossano, Piero,$c.$0(OLS)http://semarc/name/4098 850 $aSeMil 852 $aSeMil$W1$xVenegono$y1$m2Z I 274$j5311$B5311$CSeMilBibl$Z2$F5311 $81 900 1 $aRossano, Pietro. 941 1 $a4 961 $aOmaggio: Martini Card. Carlo Maria 996 $6020$a88-05-03722-2$9(OLS)http://semarc/number/8731 996 $6245$aApocalisse prima e dopo$9(OLS)http://semarc/title/55608 996 $6260$aTorino :$bSEI$9(OLS)http://semarc/publisher/29848